000 00564nam a2200181Ia 4500
008 151018s9999 xx 000 0 und d
082 _bRBASDV43170
_a891.463
100 _aस्वाती चांदोरकर
245 _aसेलिब्रेशन
250 _b1
260 _bक्ष
_c2007
300 _a180
600 _aस्वाती चांदोरकर
630 _aसेलिब्रेशन
700 _aस्वाती चांदोरकर
730 _aसेलिब्रेशन
942 _cBOOK
999 _c1042385
_d1042382